| 000 | 00458nam a2200181Ia 4500 | ||
|---|---|---|---|
| 008 | 100920s9999 xx 000 0 und d | ||
| 082 |
_b55492 _a22 थ 67 |
||
| 100 | _aALLISON MALCILM. | ||
| 245 | _aSOCCER FOR THINKERS. | ||
| 260 |
_bPELHAM BOOKS. _c1967 |
||
| 300 |
_a154 _bसाधी |
||
| 365 | _b0 | ||
| 520 | _aएस.सी. | ||
| 630 | _aSOCCER FOR THINKERS. | ||
| 650 | _aएस.सी. | ||
| 730 | _aSOCCER FOR THINKERS. | ||
| 942 | _cBOOK | ||
| 999 |
_c699876 _d699873 |
||